Human security concepts and implications

Saved in:
Bibliographic Details
Main Author: Shahrbanou Tadbakhsh
Format: Book
Published: 2008
Tags: Add Tag
No Tags, Be the first to tag this record!
Call Number :

MARC

LEADER 00000pam a2200000 4500
001 25641
003 MY-KLNDU
005 20241218081826.0
020 0 0 |a 9780415473385 
035 |a 0000034945 
039 9 |a 200911181200  |b VLOAD  |y 200910091754  |z VLOAD 
100 0 0 |a Shahrbanou Tadbakhsh 
245 0 0 |a Human security  |b concepts and implications 
260 0 0 |a 2008 
591 |a 0000005633  |b 19/11/08  |c 0198-07  |d 1  |e RM141.62  |f 1  |g 141.62  |h INTRABAKTI SD.BHD. 
999 |a vtls000036162  |c 25641  |d 25641